000 01141cam a2200313 a 4500
001 954008
003 NUST-PNEC
005 20170116180709.0
008 840521t19841985ohua b 001 0 eng
010 _a 84071465
020 _a087170188X
040 _aDLC
_cPNEC
_dDLC
050 0 0 _aTA459
_b.M432 1985
082 0 0 _a669.0202 BOY
100 _9493
_aBoyer Howard E.
245 0 0 _aMetals handbook /
_cedited by Howard E. Boyer, Timothy L. Gall.
250 _aDesk ed.
260 _aMetals Park, Ohio :
_bAmerican Society for Metals,
_c[1984], c1985.
300 _a1 v. (various pagings) :
_bill. ;
_c29 cm.
500 _ahttp://www.amazon.com/Metals-Handbook-Howard-E-Boyer/dp/087170188X/ref=sr_1_1?s=books&ie=UTF8&qid=1412230826&sr=1-1&keywords=087170188x
500 _aCondensed from 18 Metals handbook volumes from both the 8th and 9th eds.
504 _aIncludes bibliographies and index.
650 0 _aMetals
_xHandbooks, manuals, etc.
_xME
700 1 _aBoyer, Howard E.
700 1 _aGall, Timothy L.
710 2 _aAmerican Society for Metals.
906 _a7
_bcbc
_corignew
_d2
_eopcn
_f19
_gy-gencatlg
942 _2ddc
_cBK
999 _c60890
_d60890